[Event "Titled Tue 17th Jun Late"]
[Site "chess.com INT"]
[Date "2025.06.17"]
[Round "2"]
[White "Sadykov, Ramil"]
[Black "Mizzi, Jack"]
[Result "1-0"]
[WhiteTitle "FM"]
[BlackTitle "CM"]
[WhiteElo "2264"]
[BlackElo "2107"]
[WhiteFideId "24113590"]
[BlackFideId "5602521"]
[EventDate "2025.06.17"]

1. d4 Nf6 2. Nf3 e6 3. g3 b6 4. Bg2 Bb7 5. c4 Bb4+ 6. Nbd2 c5 7. O-O cxd4 8. a3
Bxd2 9. Qxd2 O-O 10. Qxd4 d5 11. Ne5 Nc6 12. Nxc6 Bxc6 13. Bg5 Rc8 14. Rfd1 dxc4
15. Qxd8 Rfxd8 16. Bxc6 Rxd1+ 17. Rxd1 Kf8 18. Bxf6 gxf6 19. Be4 c3 20. Rc1 f5
21. Bd3 e5 22. Bxf5 Rd8 23. Rxc3 Rd2 24. Rc2 Rd1+ 25. Kg2 Kg7 26. Bd3 Kf6 27.
Rc6+ Kg7 28. Rc7 Rd2 29. b4 Ra2 30. Rxa7 b5 31. Bxb5 e4 32. Rxf7+ Kg6 33. Ra7 h5
34. Bc4 Rc2 35. Rc7 Rb2 36. h4 e3 37. fxe3 Kf5 38. Kf3 Ke5 39. Rc5+ Kf6 40. Rxh5
Kg7 41. Rc5 Kh8 42. Rc7 Rb1 43. Bd3 Rb3 44. b5 Rxa3 45. b6 Ra8 46. b7 Rf8+ 47.
Kg2 Rg8 48. Rh7# 1-0

[Event "Titled Tue 17th Jun Late"]
[Site "chess.com INT"]
[Date "2025.06.17"]
[Round "2"]
[White "Amar, Elham"]
[Black "Venkatesh, Narayan"]
[Result "1-0"]
[WhiteTitle "GM"]
[BlackTitle "FM"]
[WhiteElo "2589"]
[BlackElo "2168"]
[WhiteFideId "1533533"]
[BlackFideId "30987881"]
[EventDate "2025.06.17"]

1. e4 e6 2. d4 d5 3. Nc3 Nf6 4. Bg5 dxe4 5. Nxe4 Be7 6. Bxf6 gxf6 7. Nf3 b6 8.
Qd2 Bb7 9. Bd3 f5 10. Ng3 Nd7 11. O-O-O Nf6 12. Rhe1 h5 13. h4 Ng4 14. Bxf5 Bxh4
15. d5 Bxg3 16. fxg3 Bxd5 17. Qxd5 Qxd5 18. Rxd5 Kf8 19. Bxe6 fxe6 20. Rxe6 Re8
21. Rf5+ Kg7 22. Rxe8 Rxe8 23. Rxh5 Ne3 24. Re5 Rxe5 25. Nxe5 Kf6 26. Nc6 a5 27.
Kd2 Nc4+ 28. Kc3 Ne3 29. Kd3 Nd5 30. c4 1-0

[Event "Titled Tue 17th Jun Late"]
[Site "chess.com INT"]
[Date "2025.06.17"]
[Round "2"]
[White "Shuvalova, Polina"]
[Black "Sitnic, Adnan"]
[Result "1-0"]
[WhiteTitle "IM"]
[BlackTitle "CM"]
[WhiteElo "2480"]
[BlackElo "2058"]
[WhiteFideId "24171760"]
[BlackFideId "14403854"]
[EventDate "2025.06.17"]

1. Nf3 Nf6 2. b3 g6 3. Bb2 Bg7 4. e4 O-O 5. d3 d6 6. Nbd2 b5 7. g3 a5 8. Bg2 Bb7
9. O-O c5 10. a4 b4 11. Re1 e5 12. Nc4 Nc6 13. Nfd2 Ne8 14. f4 f6 15. Rf1 Nc7
16. f5 g5 17. Bf3 h6 18. h4 Nd4 19. Bxd4 cxd4 20. Kg2 Kf7 21. Bh5+ Ke7 22. Bg6
Ra6 23. Qe2 d5 24. exd5 Nxd5 25. Kh2 Nc3 26. Qf2 Rh8 27. Rae1 Kd7 28. Bh5 Kc7
29. Bf3 Bxf3 30. Qxf3 Qd5 31. Qxd5 Nxd5 32. Ne4 Rd8 33. Nc5 Rc6 34. Ne6+ Kd7 35.
Nxg7 gxh4 36. gxh4 Rg8 37. Ne6 Rxe6 38. fxe6+ Kxe6 39. Rg1 Rc8 40. Rg4 h5 41.
Rg2 Nf4 42. Rf2 Nd5 43. Nxa5 Rg8 44. Nc4 Rg4 45. Re4 Nf4 46. Rfxf4 Rxf4 47. Rxf4
exf4 48. Kg2 Kf5 49. Kf3 1-0

[Event "Titled Tue 17th Jun Late"]
[Site "chess.com INT"]
[Date "2025.06.17"]
[Round "2"]
[White "George Samir, David"]
[Black "Naroditsky, Daniel"]
[Result "0-1"]
[WhiteTitle "FM"]
[BlackTitle "GM"]
[WhiteElo "2356"]
[BlackElo "2619"]
[WhiteFideId "10657789"]
[BlackFideId "2026961"]
[EventDate "2025.06.17"]

1. e4 c5 2. Nf3 d6 3. d4 cxd4 4. Nxd4 Nf6 5. Nc3 a6 6. Bg5 e6 7. f4 Be7 8. Qf3
Qc7 9. O-O-O Nbd7 10. g4 h6 11. Bxf6 Bxf6 12. h4 Nb6 13. g5 Bxd4 14. Rxd4 Qc5
15. Rd3 Bd7 16. Be2 Bc6 17. Rhd1 hxg5 18. hxg5 Rd8 19. f5 Qe5 20. g6 fxg6 21.
fxg6 Rf8 22. Qh3 Ke7 23. Bg4 Rf6 24. Qh7 Qg5+ 25. Kb1 Rxg6 26. Be2 Rh6 27. Qxh6
gxh6 28. Rh1 Nd7 29. Rdh3 Rh8 30. Rh5 Qg7 31. Bc4 Ne5 32. Bb3 b5 33. a3 a5 34.
Ne2 Bxe4 35. R1h4 Nf3 36. Rxe4 Nd2+ 37. Ka2 Nxe4 38. Nf4 Ng5 39. a4 bxa4 40.
Bxa4 Qd4 41. Ng6+ Kf6 42. Rh4 Ne4 0-1

[Event "Titled Tue 17th Jun Late"]
[Site "chess.com INT"]
[Date "2025.06.17"]
[Round "2"]
[White "Sailer, Mike"]
[Black "Becking, Stephan"]
[Result "0-1"]
[BlackTitle "IM"]
[WhiteElo "2108"]
[BlackElo "2410"]
[WhiteFideId "2012901"]
[BlackFideId "4632478"]
[EventDate "2025.06.17"]

1. d4 Nf6 2. Nf3 e6 3. e3 d5 4. Bd3 c5 5. b3 Nc6 6. Bb2 cxd4 7. exd4 Bd6 8. O-O
Qc7 9. Re1 O-O 10. Ne5 Nb4 11. Nd2 Nxd3 12. cxd3 Bd7 13. Rc1 Qa5 14. a3 Rac8 15.
b4 Qb6 16. Nb3 Ba4 17. Rc5 Bxc5 18. dxc5 Qd8 19. Qc2 d4 20. Qc4 Bxb3 21. Qxb3
Qd5 22. Qxd5 Nxd5 23. Bxd4 Rfd8 24. Bb2 Nf4 25. d4 f6 26. Nf3 Nd3 27. Re2 Nxb2
28. Rxb2 e5 29. Rd2 exd4 30. Nxd4 Rd5 31. Nf3 Rxd2 32. Nxd2 Rd8 33. Nf1 Rd3 0-1

[Event "Titled Tue 17th Jun Late"]
[Site "chess.com INT"]
[Date "2025.06.17"]
[Round "2"]
[White "Bacus, Dharim"]
[Black "Reinecke, Katharina"]
[Result "1-0"]
[WhiteTitle "FM"]
[BlackTitle "WCM"]
[WhiteElo "2131"]
[BlackElo "1921"]
[WhiteFideId "5201527"]
[BlackFideId "12929727"]
[EventDate "2025.06.17"]

1. e4 c6 2. d4 d5 3. Nc3 b5 4. a3 dxe4 5. Nxe4 Bf5 6. Ng3 Bg6 7. h4 h6 8. Nf3
Nd7 9. Bd3 Bxd3 10. Qxd3 e6 11. Bf4 Ngf6 12. Ne4 Nxe4 13. Qxe4 Rc8 14. g4 Be7
15. O-O-O O-O 16. g5 h5 17. g6 Nf6 18. gxf7+ Kxf7 19. Ng5+ Kg8 20. Qxe6+ Kh8 21.
Rhe1 Nd5 22. Be5 Bxg5+ 23. hxg5 Qxg5+ 24. Kb1 Nf4 25. Qd7 Rfd8 26. Qxa7 Ra8 27.
Qc7 Nd5 28. Qxc6 Qf5 29. Qh6+ Kg8 30. Qxg7# 1-0

[Event "Titled Tue 17th Jun Late"]
[Site "chess.com INT"]
[Date "2025.06.17"]
[Round "2"]
[White "Khlebovich, Alexander"]
[Black "Khenkin, Igor"]
[Result "1-0"]
[WhiteTitle "IM"]
[BlackTitle "GM"]
[WhiteElo "2423"]
[BlackElo "2499"]
[WhiteFideId "4169123"]
[BlackFideId "4659600"]
[EventDate "2025.06.17"]

1. d4 d5 2. c4 dxc4 3. Nf3 Nf6 4. e3 e6 5. Bxc4 c5 6. O-O cxd4 7. Qxd4 Qxd4 8.
Nxd4 Bd7 9. Nb5 Na6 10. N1c3 Bc5 11. a3 Ke7 12. b4 Bb6 13. Bb2 Rhc8 14. Be2 Nc7
15. a4 Nxb5 16. axb5 Bc7 17. Na4 Bd6 18. Nc5 b6 19. Bxf6+ gxf6 20. Nxd7 Kxd7 21.
Bf3 Rab8 22. Rxa7+ Rc7 23. Bc6+ Ke7 24. Ra4 f5 25. Rd1 h6 26. g3 Rg8 27. Ra6 Rb8
28. Rd4 Be5 29. Rd3 Kf6 30. f4 Bb2 31. Ra2 1-0

[Event "Titled Tue 17th Jun Late"]
[Site "chess.com INT"]
[Date "2025.06.17"]
[Round "2"]
[White "Hernandez Leon, Sergio"]
[Black "Shermuhammadov, Samandar"]
[Result "0-1"]
[WhiteTitle "CM"]
[BlackTitle "FM"]
[WhiteElo "2102"]
[BlackElo "2110"]
[WhiteFideId "2285622"]
[BlackFideId "14205602"]
[EventDate "2025.06.17"]

1. e4 d6 2. d4 Nf6 3. Nc3 g6 4. f4 Bg7 5. Nf3 O-O 6. e5 Nfd7 7. Bc4 c5 8. e6
fxe6 9. Bxe6+ Kh8 10. h4 Nf6 11. Ng5 cxd4 12. Qxd4 Nc6 13. Qf2 Bxe6 14. Nxe6 Qd7
15. Nxf8 Rxf8 16. Bd2 Ng4 17. Qg3 Nd4 18. O-O-O Rc8 19. Kb1 b5 20. h5 b4 21.
hxg6 h6 22. Be3 Rxc3 23. bxc3 Ne2 24. Qf3 Nxc3+ 25. Kc1 Nxa2+ 26. Kd2 d5 27. Ke1
Nc3 28. Rd4 Qe6 29. Kd2 Nb5 30. Rxd5 Bc3+ 31. Kd3 Na3 32. Rd8+ Kg7 33. Bd4+ Bxd4
34. Rxd4 Nf6 35. f5 Qc8 36. Qe2 Qc3# 0-1

[Event "Titled Tue 17th Jun Late"]
[Site "chess.com INT"]
[Date "2025.06.17"]
[Round "2"]
[White "Muratov, Batyrkhan"]
[Black "Rozman, Levy"]
[Result "0-1"]
[WhiteTitle "FM"]
[BlackTitle "IM"]
[WhiteElo "2337"]
[BlackElo "2324"]
[WhiteFideId "13712667"]
[BlackFideId "2039877"]
[EventDate "2025.06.17"]

1. Nf3 g6 2. d4 Bg7 3. e3 f5 4. Bd3 Nf6 5. O-O O-O 6. b3 d6 7. Bb2 a5 8. a4 Na6
9. Nbd2 Nb4 10. Be2 c6 11. c3 Nbd5 12. Bd3 Qc7 13. e4 Nf4 14. Bc2 fxe4 15. Nxe4
Nxe4 16. Bxe4 d5 17. Bc2 Bg4 18. Qd2 Bh6 19. Kh1 Nxg2 20. Qxh6 Bxf3 21. Bd1 Nh4+
22. Bxf3 Nxf3 23. Rad1 Rf5 24. Rd3 Raf8 25. Qh3 Rh5 0-1

[Event "Titled Tue 17th Jun Late"]
[Site "chess.com INT"]
[Date "2025.06.17"]
[Round "2"]
[White "Demirtas, Alper"]
[Black "Kovalenko, Igor"]
[Result "1-0"]
[WhiteTitle "CM"]
[BlackTitle "GM"]
[WhiteElo "2205"]
[BlackElo "2676"]
[WhiteFideId "44576781"]
[BlackFideId "14117908"]
[EventDate "2025.06.17"]

1. Nf3 g6 2. d4 Bg7 3. g3 Nf6 4. Bg2 d6 5. O-O O-O 6. b3 a5 7. a3 c6 8. Bb2 Bf5
9. Nbd2 Qc8 10. Re1 Bh3 11. Bh1 d5 12. e4 dxe4 13. Nxe4 Nxe4 14. Rxe4 Re8 15.
Qd2 Nd7 16. Rae1 e6 17. Rh4 Bf5 18. g4 Qc7 19. gxf5 exf5 20. Ne5 Nxe5 21. dxe5
Rad8 22. Rd4 Rxd4 23. Qxd4 Rd8 24. Qe3 Qe7 25. Bg2 h5 26. Bc3 Qxa3 27. e6 Bxc3
28. Qxc3 Qb4 29. Qxb4 axb4 30. exf7+ Kxf7 31. Bf1 Rd2 32. Bd3 b5 33. Rc1 c5 34.
Kf1 Ke6 35. Ke1 Rxd3 36. cxd3 Kd5 37. Kd2 g5 38. h3 Kd4 39. f3 1-0

[Event "Titled Tue 17th Jun Late"]
[Site "chess.com INT"]
[Date "2025.06.17"]
[Round "2"]
[White "Colville, Julian"]
[Black "Vila Dupla, Aurelio"]
[Result "1-0"]
[WhiteTitle "FM"]
[BlackTitle "FM"]
[WhiteElo "2268"]
[BlackElo "2056"]
[WhiteFideId "30963273"]
[BlackFideId "2203383"]
[EventDate "2025.06.17"]

1. e4 c5 2. b3 e5 3. Bb2 d6 4. Bb5+ Nc6 5. Bxc6+ bxc6 6. Ne2 f5 7. d3 Nf6 8. O-O
f4 9. f3 Be7 10. c3 O-O 11. d4 cxd4 12. cxd4 Qc7 13. Na3 Ba6 14. Rc1 Bxe2 15.
Qxe2 exd4 16. Bxd4 d5 17. Nb5 Qb7 18. Nc3 dxe4 19. Nxe4 Nd5 20. Qc4 Rac8 21.
Rfe1 Ba3 22. Rc2 Kh8 23. Bc5 Bxc5+ 24. Qxc5 Qd7 25. Rec1 Ne3 26. Rd2 Qf7 27. Qd6
h6 28. Rxc6 Rcd8 29. Qxd8 Rxd8 30. Rxd8+ Kh7 31. h4 Qb7 32. Rcc8 Qb4 33. Nc3 Qe7
34. h5 1-0

[Event "Titled Tue 17th Jun Late"]
[Site "chess.com INT"]
[Date "2025.06.17"]
[Round "2"]
[White "Demchenko, Anton"]
[Black "Ristic, Nebojsa M"]
[Result "1-0"]
[WhiteTitle "GM"]
[BlackTitle "IM"]
[WhiteElo "2619"]
[BlackElo "2248"]
[WhiteFideId "4160258"]
[BlackFideId "900850"]
[EventDate "2025.06.17"]

1. e4 e6 2. d4 d5 3. e5 c5 4. c3 Nc6 5. Nf3 Qb6 6. a3 Nh6 7. Bd3 Bd7 8. O-O cxd4
9. b4 dxc3 10. Nxc3 Rc8 11. Bb2 Be7 12. h3 f5 13. exf6 Bxf6 14. Qb1 Nf7 15. Re1
Kf8 16. Na4 Qd8 17. Nc5 Bxb2 18. Qxb2 b6 19. Nxe6+ Bxe6 20. Rxe6 Ng5 21. Nxg5
Qxg5 22. Ba6 Rc7 23. Qc1 Qxc1+ 24. Rxc1 Nb8 25. Rxc7 Nxa6 26. Rxa7 Nb8 27. Rxb6 1-0

[Event "Titled Tue 17th Jun Late"]
[Site "chess.com INT"]
[Date "2025.06.17"]
[Round "2"]
[White "Haddouche, Mohamed"]
[Black "Niemann, Hans Moke"]
[Result "0-1"]
[WhiteTitle "GM"]
[BlackTitle "GM"]
[WhiteElo "2490"]
[BlackElo "2736"]
[WhiteFideId "7900660"]
[BlackFideId "2093596"]
[EventDate "2025.06.17"]

1. e4 e5 2. Nf3 Nc6 3. Bc4 Nf6 4. d3 Be7 5. O-O O-O 6. Re1 d6 7. c3 a6 8. Bb3 h6
9. Nbd2 Re8 10. Nf1 Bf8 11. Ng3 Be6 12. d4 Bg4 13. h3 Bxf3 14. Qxf3 exd4 15. Nf5
d5 16. Bxh6 Ne5 17. Qg3 Nh5 18. Qg5 Qxg5 19. Bxg5 dxc3 20. bxc3 Nd3 21. Re3 dxe4
22. Bd5 Bc5 23. Nd4 Re5 24. Bxe4 Rxg5 25. Rxd3 Nf4 26. Rf3 Bxd4 27. cxd4 Ne2+
28. Kf1 Nxd4 29. Rd3 c5 30. Bxb7 Ra7 31. Bd5 Rxd5 0-1

[Event "Titled Tue 17th Jun Late"]
[Site "chess.com INT"]
[Date "2025.06.17"]
[Round "2"]
[White "Fathy, Elameir"]
[Black "Fandi, Mazen"]
[Result "1/2-1/2"]
[WhiteTitle "FM"]
[BlackTitle "FM"]
[WhiteElo "2300"]
[BlackElo "2302"]
[WhiteFideId "10600396"]
[BlackFideId "7611625"]
[EventDate "2025.06.17"]

1. d4 Nf6 2. Bg5 Ne4 3. Bf4 d5 4. Nd2 Nxd2 5. Qxd2 Bf5 6. e3 e6 7. Bd3 Bg6 8.
Nf3 Nd7 9. O-O Bd6 10. Rfe1 O-O 11. Rad1 Qe7 12. c3 Bxd3 13. Qxd3 f5 14. c4 c6
15. Bxd6 Qxd6 16. c5 Qc7 17. b4 Rae8 18. a4 e5 19. dxe5 Nxe5 20. Nxe5 Rxe5 21.
Rc1 Re4 22. Rb1 f4 23. exf4 Qxf4 24. f3 Rxb4 25. Rbc1 Rxa4 26. Qb3 Rb4 27. Qa3
a6 28. Re7 Rb3 29. Qa1 Qf6 30. Qxf6 Rxf6 31. Rce1 h6 32. Rc7 Rf7 33. Re8+ Rf8
34. Ree7 Rf4 35. Rxg7+ Kh8 36. Rgd7 Kg8 37. Rg7+ Kh8 38. Rh7+ Kg8 39. Rhg7+ 1/2-1/2

[Event "Titled Tue 17th Jun Late"]
[Site "chess.com INT"]
[Date "2025.06.17"]
[Round "2"]
[White "Storn, Justin"]
[Black "Janaszak, Dawid"]
[Result "0-1"]
[BlackTitle "FM"]
[WhiteElo "2073"]
[BlackElo "2306"]
[WhiteFideId "30922720"]
[BlackFideId "1119206"]
[EventDate "2025.06.17"]

1. e4 e6 2. d4 c5 3. d5 exd5 4. exd5 d6 5. c4 g6 6. Bd2 Nf6 7. Bc3 Bg7 8. Nd2
O-O 9. Be2 b5 10. cxb5 Nxd5 11. Bxg7 Kxg7 12. Bf3 Re8+ 13. Ne2 Nf4 14. O-O Nxe2+
15. Bxe2 Bb7 16. Bf3 Bxf3 17. Qxf3 Nd7 18. Nc4 Nb6 19. Qc3+ Kg8 20. Rfd1 d5 21.
Na5 d4 22. Qd2 Qf6 23. Rac1 Rad8 24. Rxc5 d3 25. Qg5 d2 26. Kf1 Qe6 27. Qe3 Qxa2
28. Qa3 Qb1 29. Qb3 0-1

[Event "Titled Tue 17th Jun Late"]
[Site "chess.com INT"]
[Date "2025.06.17"]
[Round "2"]
[White "Paravyan, David"]
[Black "Kostov, Deyan Samuil"]
[Result "1-0"]
[WhiteTitle "GM"]
[BlackTitle "FM"]
[WhiteElo "2589"]
[BlackElo "2352"]
[WhiteFideId "4194985"]
[BlackFideId "30909015"]
[EventDate "2025.06.17"]

1. d4 d5 2. c4 dxc4 3. Nf3 a6 4. e3 Bg4 5. Bxc4 e6 6. h3 Bh5 7. Nc3 Nf6 8. g4
Bg6 9. Ne5 Nbd7 10. Nxg6 hxg6 11. Bf1 c6 12. Bg2 Be7 13. O-O Qc7 14. Bd2 Rd8 15.
Rc1 Qb8 16. Qe2 Nh7 17. f4 Nhf6 18. Be1 Nb6 19. Bg3 Nfd5 20. Ne4 Bh4 21. Bh2 Qa7
22. f5 exf5 23. gxf5 g5 24. f6 g6 25. Nd6+ Kf8 26. Kh1 Rh7 27. e4 Nf4 28. Bxf4
gxf4 29. e5 Qb8 30. Qg4 Rh5 31. Rxf4 Bg5 32. Nxf7 Bxf4 33. Nxd8 Bxc1 34. Qxg6
Qxd8 35. Qg7+ Ke8 36. f7+ Kd7 37. f8=Q+ Kc8 38. Qxd8+ Kxd8 39. Qf8+ Kc7 40. Qf7+ 1-0

[Event "Titled Tue 17th Jun Late"]
[Site "chess.com INT"]
[Date "2025.06.17"]
[Round "2"]
[White "Demaria, Juan Pablo"]
[Black "Perez Rojas, Jorge"]
[Result "1-0"]
[WhiteTitle "FM"]
[BlackTitle "FM"]
[WhiteElo "2215"]
[BlackElo "2100"]
[WhiteFideId "104922"]
[BlackFideId "3452093"]
[EventDate "2025.06.17"]

1. e4 c5 2. Nf3 Nc6 3. d4 cxd4 4. Nxd4 g6 5. Nc3 Bg7 6. Be3 Nf6 7. Bc4 Qa5 8.
O-O Qb4 9. Bb3 O-O 10. a3 Qa5 11. Re1 d6 12. Nd5 Nxd5 13. exd5 Ne5 14. h3 f5 15.
f4 Nf7 16. Bf2 Re8 17. c3 Bd7 18. Qd2 Rac8 19. Re2 Qb6 20. Ba2 Bb5 21. Nxf5 Qa6
22. Nxg7 Bxe2 23. Nxe8 Rxe8 24. Re1 Bb5 25. Qd4 b6 26. Bh4 Qb7 27. c4 Bd7 28.
Bb1 Nh6 29. Rxe7 Rxe7 30. Bxe7 Bf5 31. Qf6 Qc8 32. Bxf5 Nxf5 33. Bxd6 Qxc4 34.
Qf8# 1-0

[Event "Titled Tue 17th Jun Late"]
[Site "chess.com INT"]
[Date "2025.06.17"]
[Round "2"]
[White "Piesik, Piotr"]
[Black "Moreira, Ronaldo Alonso"]
[Result "1-0"]
[WhiteTitle "IM"]
[WhiteElo "2436"]
[BlackElo "2094"]
[WhiteFideId "1136194"]
[BlackFideId "2110547"]
[EventDate "2025.06.17"]

1. Nf3 Nf6 2. g3 d5 3. Bg2 e6 4. O-O Be7 5. d3 O-O 6. Nbd2 Nc6 7. e4 dxe4 8.
dxe4 e5 9. c3 a5 10. a4 Bc5 11. Qc2 b6 12. Nb3 Bd6 13. Rd1 Qe7 14. Be3 Ba6 15.
h3 Rfd8 16. Bf1 Bxf1 17. Kxf1 Rd7 18. Nfd2 Qe6 19. Kg2 Rad8 20. Nf3 h6 21. Nh4
Bf8 22. Rxd7 Qxd7 23. Nf5 Qd3 24. Qxd3 Rxd3 25. Nd2 Kh7 26. Kf1 Nd8 27. Ke2 Rd7
28. Rb1 Nc6 29. f3 Rd8 30. Nc4 g6 31. Nh4 Nd7 32. Ng2 Bc5 33. Bd2 Kg7 34. Nge3
Bxe3 35. Bxe3 Nf8 36. b4 axb4 37. cxb4 Ne6 38. a5 Ncd4+ 39. Kf2 bxa5 40. bxa5 1-0

[Event "Titled Tue 17th Jun Late"]
[Site "chess.com INT"]
[Date "2025.06.17"]
[Round "2"]
[White "Roebers, Eline"]
[Black "Guerrero Cataldo, Juan Andres"]
[Result "1-0"]
[WhiteTitle "IM"]
[BlackTitle "CM"]
[WhiteElo "2356"]
[BlackElo "2082"]
[WhiteFideId "1058401"]
[BlackFideId "3421260"]
[EventDate "2025.06.17"]

1. e4 c6 2. Nf3 d5 3. Nc3 Bg4 4. h3 Bxf3 5. Qxf3 e6 6. d4 dxe4 7. Nxe4 Nd7 8.
Bg5 Ngf6 9. Bd3 Be7 10. O-O-O Nxe4 11. Bxe7 Qxe7 12. Bxe4 Nf6 13. Bxc6+ Nd7 14.
Bxb7 Rb8 15. Bc6 O-O 16. c3 Nb6 17. Bb5 Rfc8 18. Rd2 Qg5 19. Ba6 Rd8 20. b3 Qa5
21. Be2 Nd5 22. Rc2 Rdc8 23. Bc4 Qa3+ 24. Kd2 Nb6 25. Bd3 a5 26. Qe4 g6 27. h4
Qd6 28. h5 Qd5 29. hxg6 hxg6 30. Qxd5 Nxd5 31. g3 a4 32. b4 Kg7 33. b5 a3 34.
Rb1 e5 35. c4 Nb6 36. c5 Na4 37. c6 exd4 38. Rb4 Nc3 39. Rxd4 Nxb5 40. Bxb5 Rxb5
41. c7 Rb7 42. Rd7 Kf6 43. Rc6+ Ke5 44. Ke3 g5 45. f4+ gxf4+ 46. gxf4+ Kf5 47.
Kf3 f6 48. Rf7 Rb3+ 49. axb3 Rf8 50. Rcxf6# 1-0

[Event "Titled Tue 17th Jun Late"]
[Site "chess.com INT"]
[Date "2025.06.17"]
[Round "2"]
[White "Ivashentseva, Dominika"]
[Black "Tekeyev, Zaur"]
[Result "0-1"]
[WhiteTitle "WCM"]
[BlackTitle "IM"]
[WhiteElo "1969"]
[BlackElo "2407"]
[WhiteFideId "34331050"]
[BlackFideId "4199731"]
[EventDate "2025.06.17"]

1. d4 d5 2. c4 e6 3. Nf3 Nf6 4. g3 Bb4+ 5. Nbd2 O-O 6. Bg2 b6 7. O-O Bb7 8. Ne5
a5 9. a3 Be7 10. Re1 c5 11. dxc5 bxc5 12. e4 d4 13. Qb3 Qc7 14. Ndf3 a4 15. Qc2
Nfd7 16. Bf4 Nxe5 17. Nxe5 g5 18. Nd7 Qxd7 19. Qe2 gxf4 20. Qg4+ Kh8 21. gxf4
Rg8 22. Qh5 Nc6 23. Kh1 Rg7 24. Rg1 Rag8 25. Bh3 Na5 26. f3 Nxc4 27. f5 Bg5 28.
Rg4 exf5 29. Rg3 Nd6 30. Rag1 Nxe4 31. fxe4 Bxe4+ 32. Bg2 Qd5 33. h4 Be3 34.
Rxg7 Rxg7 35. Bxe4 Qxe4+ 36. Kh2 Bxg1+ 37. Kh3 Qh1# 0-1

[Event "Titled Tue 17th Jun Late"]
[Site "chess.com INT"]
[Date "2025.06.17"]
[Round "2"]
[White "Perry, Patrick"]
[Black "Gubajdullin, Alexei"]
[Result "0-1"]
[BlackTitle "FM"]
[WhiteElo "2296"]
[BlackElo "2233"]
[WhiteFideId "30917727"]
[BlackFideId "4141202"]
[EventDate "2025.06.17"]

1. e4 c5 2. d4 cxd4 3. Nf3 d6 4. Nxd4 Nf6 5. Nc3 g6 6. Be3 Bg7 7. f3 h5 8. Qd2
a6 9. O-O-O b5 10. Kb1 Bb7 11. Bd3 Nbd7 12. h3 h4 13. Nde2 Rc8 14. g4 hxg3 15.
Nxg3 b4 16. Nce2 Qa5 17. a3 d5 18. Qxb4 Qc7 19. h4 Rb8 20. Qa4 Bc6 21. Qxa6 Nh5
22. Bd4 Bxd4 23. Nxd4 Bb7 24. Qa7 Nxg3 25. Rhg1 dxe4 26. fxe4 Rxh4 27. Nb5 Qe5
28. c4 Nxe4 29. Bxe4 Bxe4+ 30. Ka2 Bc6 31. Rge1 Re4 32. Nc7+ Kf8 33. Rxd7 Qxb2# 0-1

[Event "Titled Tue 17th Jun Late"]
[Site "chess.com INT"]
[Date "2025.06.17"]
[Round "2"]
[White "Zou, Chen"]
[Black "Panin, Mikhail"]
[Result "1-0"]
[WhiteTitle "IM"]
[BlackTitle "CM"]
[WhiteElo "2443"]
[BlackElo "2255"]
[WhiteFideId "8610959"]
[BlackFideId "34164992"]
[EventDate "2025.06.17"]

1. d4 d5 2. c4 e6 3. Nf3 Nf6 4. Nc3 h6 5. Bf4 Bd6 6. Bxd6 Qxd6 7. e3 O-O 8. Rc1
Rd8 9. a3 Qe7 10. Qc2 c5 11. cxd5 exd5 12. dxc5 Qxc5 13. Be2 Nc6 14. O-O d4 15.
exd4 Nxd4 16. Nxd4 Rxd4 17. Qb3 Qb6 18. Qxb6 axb6 19. Rfd1 Rxd1+ 20. Rxd1 Be6
21. Bf3 Rb8 22. h3 Kf8 23. Rd4 Nd7 24. Rb4 Ne5 25. Be4 Nc4 26. Bd5 Bxd5 27. Nxd5
Na5 28. Rxb6 Rc8 29. Rb5 Ra8 30. a4 f6 31. b4 Nc4 32. a5 Nd6 33. Rb6 Rd8 34. Nc7
Kf7 35. Nb5 1-0

[Event "Titled Tue 17th Jun Late"]
[Site "chess.com INT"]
[Date "2025.06.17"]
[Round "2"]
[White "Mei, Austin"]
[Black "Ilinca, Felix-Antonio"]
[Result "0-1"]
[WhiteTitle "FM"]
[BlackTitle "IM"]
[WhiteElo "2280"]
[BlackElo "2431"]
[WhiteFideId "30948479"]
[BlackFideId "54764998"]
[EventDate "2025.06.17"]

1. e4 c6 2. d4 d5 3. f3 dxe4 4. fxe4 e5 5. Nf3 Bg4 6. c3 Nd7 7. Bd3 Ngf6 8. O-O
Bd6 9. Nbd2 b5 10. a4 a6 11. Qc2 O-O 12. h3 Bh5 13. Nh4 Bg6 14. Nf5 Bxf5 15.
Rxf5 Qe7 16. Rf1 c5 17. d5 c4 18. Be2 Nc5 19. a5 Nfd7 20. Nf3 Nb3 21. Rb1 Nxa5
22. Bg5 f6 23. Bd2 Nb3 24. Nh4 g6 25. Bg4 f5 26. Bxf5 Qxh4 27. Bxd7 Nxd2 28.
Qxd2 Qxe4 29. Be6+ Kg7 30. Rbe1 Qh4 31. Kh1 Qg3 32. Rf3 Rxf3 33. gxf3 Qxf3+ 34.
Kg1 Bc5+ 35. Kh2 Bf2 36. Rf1 Rf8 37. Qd1 Bg3+ 38. Kg1 Bh2+ 39. Kxh2 Qxf1 40.
Qxf1 Rxf1 41. d6 Rd1 42. d7 Kf6 0-1

[Event "Titled Tue 17th Jun Late"]
[Site "chess.com INT"]
[Date "2025.06.17"]
[Round "2"]
[White "Akopyan, Harutyun"]
[Black "Erdogan, Anil Berk"]
[Result "0-1"]
[WhiteTitle "FM"]
[BlackTitle "CM"]
[WhiteElo "2240"]
[BlackElo "2091"]
[WhiteFideId "2012014"]
[BlackFideId "6348173"]
[EventDate "2025.06.17"]

1. e4 c5 2. Nf3 g6 3. d3 Bg7 4. g3 Nc6 5. Bg2 e6 6. O-O Nge7 7. c3 O-O 8. a3 d5
9. Qe2 Qb6 10. Rd1 a5 11. Nbd2 a4 12. e5 d4 13. Nc4 Qa6 14. Bf4 dxc3 15. bxc3
Nd5 16. Bd2 Na5 17. Ng5 Nxc4 18. dxc4 Nb6 19. Ne4 Qxc4 20. Qg4 h5 21. Qh4 Qe2
22. h3 Nd7 23. Nf6+ Nxf6 24. exf6 Bh8 25. Bh6 Re8 26. Rd2 Qe5 27. Bg5 Rb8 28.
Bf4 Qxc3 29. Rad1 Bxf6 30. Bg5 Bxg5 31. Qxg5 b5 32. Rd8 Ba6 0-1

[Event "Titled Tue 17th Jun Late"]
[Site "chess.com INT"]
[Date "2025.06.17"]
[Round "2"]
[White "Novosel, Lovro"]
[Black "Kosakowski, Jakub"]
[Result "0-1"]
[WhiteTitle "FM"]
[BlackTitle "GM"]
[WhiteElo "2338"]
[BlackElo "2548"]
[WhiteFideId "14547120"]
[BlackFideId "1185080"]
[EventDate "2025.06.17"]

1. d4 Nf6 2. Nf3 g6 3. c4 Bg7 4. g3 O-O 5. Bg2 d6 6. O-O c5 7. Nc3 Nc6 8. d5 Na5
9. Nd2 e6 10. dxe6 Bxe6 11. Qa4 Re8 12. e4 Nc6 13. Nd5 Nd4 14. Qd1 Nxd5 15. cxd5
Bd7 16. a4 b5 17. axb5 Bxb5 18. Re1 Bd3 19. Ra3 c4 20. Bf1 Nc2 21. Bxd3 cxd3 22.
Rxd3 Nxe1 23. Qxe1 Rc8 24. b3 Qa5 25. Kg2 Rc2 26. Qe3 Rxc1 27. Nc4 Qa1 28. Nxd6
Rg1+ 29. Kf3 Rd8 30. Qf4 Rd7 31. b4 0-1